Investments in innovations and market structure: A semi-parametric approach (Record no. 526378)

000 -LEADER
fixed length control field 01500nam a22001457a 4500
008 - FIXED-LENGTH DATA ELEMENTS--GENERAL INFORMATION
fixed length control field 240531b ||||| |||| 00| 0 eng d
100 ## - MAIN ENTRY--PERSONAL NAME
Personal name Singh, Sukhdeep
245 ## - TITLE STATEMENT
Title Investments in innovations and market structure: A semi-parametric approach
260 ## - PUBLICATION, DISTRIBUTION, ETC. (IMPRINT)
Place of publication, distribution, etc South Asia Economic Journal
300 ## - PHYSICAL DESCRIPTION
Extent 25(1), Mar, 2024: p.26-44
520 ## - SUMMARY, ETC.
Summary, etc The economic literature suggests that there is an inverted-U type of relationship between innovation and product market competition. Existing empirical studies assume a quadratic functional form while estimating the relationship between the two variables. Using data on the Indian manufacturing industry, this article contributes by using a semi-parametric approach to test the ‘Inverted-U’ hypothesis without assuming a priori functional form. The estimation results suggest that the functional form of the relationship is contingent upon the choice of product market competition indicator in the model. When product market competition is defined as overall price competition, the empirical evidence confirms the inverted-U hypothesis. This implies that both escape competition and the Schumpeterian effect are observed as price competition increases. However, when product market competition is defined as domestic competition, only the escape competition effect is observed.- Reproduced

https://journals.sagepub.com/doi/full/10.1177/13915614241233888
773 ## - HOST ITEM ENTRY
Main entry heading South Asia Economic Journal
906 ## - LOCAL DATA ELEMENT F, LDF (RLIN)
Subject DIP INNOVATION
942 ## - ADDED ENTRY ELEMENTS (KOHA)
Item type Articles
Holdings
Withdrawn status Lost status Source of classification or shelving scheme Damaged status Not for loan Permanent location Current location Date acquired Serial Enumeration / chronology Barcode Date last seen Koha item type
          Indian Institute of Public Administration Indian Institute of Public Administration 2024-05-31 25(1), Mar, 2024: p.26-44 AR132106 2024-05-31 Articles

Powered by Koha